00954nam a2200157Ia 4500008004100000020001500041050002500056100003000081245007400111250001800185260004900203300002600252500003500278505045200313650003100765120625s2005 mx 000 0 esp d a970676707X14aHF5681.A3bM65 20051 aMolina Aznar, Víctor E.10aEstrategias de cobranza en epoca de crisis c/ Victor E. Molina Aznar a3a. edición3 aMéxico b: Ediciones Fiscales ISEFc, 2005 a108 páginasb21 cm. aReimpresión 2007 (05 0010399 aAspectos generales de la cobranza Conductos para la cobranza Instrumentos o herramientas para mantener la cartera al día Como tratar a un deudor moroso El proceso de la cobranza La motivación de la cobranza Los contrarrecibos Procedimiento judicial de cobro Informes que deben generarse en el departamento de crédito y cobranzas El presupuesto de efectivo (Cash Flow) La superación y motivación de los cobradores El control de cobradores 0aCOBRANZAvADMINISTRACIÓN